[Event "Stuttgart-chA op"]
[Site "Ditzingen"]
[Date "2015.05.15"]
[Round "3"]
[White "Zikeli, Saskia"]
[Black "Klaus, Dominik"]
[Result "1-0"]
[WhiteElo "2134"]
[BlackElo "1991"]
[PlyCount "59"]
[EventDate "2015.05.14"]
[EventType "swiss"]
[EventRounds "7"]
[EventCountry "GER"]
[SourceTitle "EXT 2018"]
[Source "ChessBase"]
[SourceDate "2017.10.13"]
[SourceVersion "1"]
[SourceVersionDate "2017.10.13"]
[SourceQuality "1"]

1. e4 c5 2. Nf3 d6 3. d4 cxd4 4. Nxd4 Nf6 5. Nc3 a6 6. Bg5 Nbd7 7. f4 Qc7 8. Qf3 b5 9. 0-0-0 Bb7 10. Bd3 e6 11. Rhe1 Nc5 12. Bxf6 gxf6 13. f5 e5 14. Nb3 0-0-0 15. Bf1 Rg8 16. Nd5 Bxd5 17. Rxd5 Na4 18. Red1 Nb6 19. R5d3 b4 20. Kb1 Kb7 21. c3 Rc8 22. Qe2 Nc4 23. cxb4 Qb6 24. Na5+ Kb8 25. Rb3 d5 26. exd5 Nd6 27. Qxa6 Qxa6 28. Bxa6 Re8 29. Nc6+ Ka8 30. Ra3 1-0

[Event "Stuttgart-chA op"]
[Site "Ditzingen"]
[Date "2015.05.14"]
[Round "2"]
[White "Gutman, Lev"]
[Black "Zikeli, Saskia"]
[Result "1-0"]
[WhiteElo "2438"]
[BlackElo "2134"]
[PlyCount "111"]
[EventDate "2015.05.14"]
[EventType "swiss"]
[EventRounds "7"]
[EventCountry "GER"]
[SourceTitle "EXT 2018"]
[Source "ChessBase"]
[SourceDate "2017.10.13"]
[SourceVersion "1"]
[SourceVersionDate "2017.10.13"]
[SourceQuality "1"]

1. Nf3 Nf6 2. g3 g6 3. Bg2 Bg7 4. 0-0 0-0 5. d4 d6 6. a4 Nbd7 7. a5 a6 8. c3 e5 9. dxe5 dxe5 10. Na3 Re8 11. Nc4 e4 12. Nd4 Ne5 13. Qb3 c5 14. Nxe5 Rxe5 15. Bf4 Re7 16. Nc2 Be6 17. Qa3 Rc8 18. Rfd1 Rd7 19. Ne3 Bf8 20. Bg5 h6 21. Rxd7 Bxd7 22. Bxf6 Qxf6 23. Nd5 Qe6 24. Rd1 f5 25. Nf4 Qc6 26. Nxg6 Bd6 27. c4 Kf7 28. Nh4 Be7 29. Qe3 Bg5 30. Qc3 Be6 31. f3 Bf6 32. Qc1 Bg5 33. Qc2 Bxh4 34. fxe4 fxe4 35. Bxe4 Qc7 36. gxh4 Rg8+ 37. Kh1 Rg4 38. Bd5 Qf4 39. Qh7+ Kf6 40. Bxe6 Rg7 41. Qd3 Kxe6 42. Qd5+ Kf6 43. Qd8+ Ke6 44. Qb6+ Kf5 45. Qxc5+ Ke6 46. Qd5+ Kf6 47. Qd6+ Qxd6 48. Rxd6+ Ke5 49. Rxh6 Kd4 50. b3 Ke3 51. h5 Rg5 52. h4 Rxa5 53. Kg2 Kxe2 54. Re6+ Kd3 55. h6 Kc3 56. Rb6 1-0

[Event "Reutlingen op 19th"]
[Site "Reutlingen"]
[Date "2014.06.09"]
[Round "4"]
[White "Schmidt, Martin"]
[Black "Zikeli, Saskia"]
[Result "0-1"]
[WhiteElo "2105"]
[BlackElo "2109"]
[PlyCount "52"]
[EventDate "2014.06.07"]
[EventType "swiss"]
[EventRounds "7"]
[EventCountry "GER"]
[SourceTitle "EXT 2015"]
[Source "ChessBase"]
[SourceDate "2014.11.20"]
[SourceVersion "1"]
[SourceVersionDate "2014.11.20"]
[SourceQuality "1"]

1. e4 c5 2. Nf3 d6 3. d4 cxd4 4. Nxd4 Nf6 5. Nc3 a6 6. Bg5 Nbd7 7. f4 Qc7 8. Qf3 h6 9. Bxf6 Nxf6 10. 0-0-0 Bg4 11. Nd5 Nxd5 12. Qxg4 Ne3 13. Qe2 Nxd1 14. Qxd1 Rc8 15. Be2 Qb6 16. Re1 g6 17. c3 Qa5 18. Qb3 Bg7 19. Bg4 Rc7 20. e5 0-0 21. Nf3 Rd8 22. h4 h5 23. Ng5 d5 24. Bf3 e6 25. Rd1 Qc5 26. Rd4 Qxd4 0-1

[Event "Stuttgart-chA int"]
[Site "Ditzingen"]
[Date "2014.05.31"]
[Round "6"]
[White "Zikeli, Saskia"]
[Black "Schmidt, Tobias"]
[Result "0-1"]
[WhiteElo "2109"]
[BlackElo "2005"]
[PlyCount "50"]
[EventDate "2014.05.29"]
[EventType "swiss"]
[EventRounds "7"]
[EventCountry "GER"]
[SourceTitle "EXT 2015"]
[Source "ChessBase"]
[SourceDate "2014.11.20"]
[SourceVersion "1"]
[SourceVersionDate "2014.11.20"]
[SourceQuality "1"]

1. e4 e6 2. d4 d5 3. Nc3 Bb4 4. e5 c5 5. a3 Bxc3+ 6. bxc3 Qa5 7. Bd2 Qa4 8. Qg4 g6 9. Kd1 b6 10. Nf3 Ba6 11. Bxa6 Nxa6 12. Qf4 h6 13. h4 Rc8 14. Rh3 cxd4 15. Nxd4 Rc4 16. h5 g5 17. Qg4 Ne7 18. f4 Nc6 19. Nxc6 Qxc6 20. Qf3 gxf4 21. g3 Nc5 22. gxf4 Ne4 23. Ke2 Qb5 24. Qd3 Rg8 25. Kf3 Qc6 0-1

[Event "Stuttgart-chA int"]
[Site "Ditzingen"]
[Date "2014.05.30"]
[Round "3"]
[White "Loehr, Markus"]
[Black "Zikeli, Saskia"]
[Result "1-0"]
[WhiteElo "2248"]
[BlackElo "2109"]
[PlyCount "73"]
[EventDate "2014.05.29"]
[EventType "swiss"]
[EventRounds "7"]
[EventCountry "GER"]
[SourceTitle "EXT 2015"]
[Source "ChessBase"]
[SourceDate "2014.11.20"]
[SourceVersion "1"]
[SourceVersionDate "2014.11.20"]
[SourceQuality "1"]

1. d4 Nf6 2. c4 g6 3. Nc3 Bg7 4. e4 d6 5. Nf3 0-0 6. Be2 e5 7. d5 a5 8. Bg5 h6 9. Bh4 Nbd7 10. Nd2 Nc5 11. 0-0 Bd7 12. b3 Qe8 13. a3 Na6 14. Rb1 Nh7 15. b4 axb4 16. axb4 f5 17. exf5 Bxf5 18. Nde4 g5 19. Bg3 Nf6 20. Bd3 Qg6 21. Qe2 Nh5 22. Bc2 Nf4 23. Qd2 h5 24. f3 h4 25. Bxf4 gxf4 26. Kh1 h3 27. gxh3 Qh5 28. Qf2 Kh8 29. Rg1 Bf6 30. Nxf6 Rxf6 31. Bxf5 Rxf5 32. Rg4 Qh7 33. Ne4 Rg8 34. Rh4 Rh5 35. Rxh5 Qxh5 36. Nf6 Qf5 37. Qh4+ 1-0

[Event "Augsburg op"]
[Site "Augsburg"]
[Date "2013.12.29"]
[Round "5"]
[White "Weichlein, Paul"]
[Black "Zikeli, Saskia"]
[Result "1-0"]
[WhiteElo "1998"]
[BlackElo "2153"]
[PlyCount "91"]
[EventDate "2013.12.27"]
[EventType "swiss"]
[EventRounds "7"]
[EventCountry "GER"]
[SourceTitle "CBM 158 Extra"]
[Source "ChessBase"]
[SourceDate "2014.02.28"]
[SourceVersion "1"]
[SourceVersionDate "2014.02.28"]
[SourceQuality "1"]

1. d4 Nf6 2. c4 g6 3. Nc3 Bg7 4. e4 d6 5. f3 0-0 6. Be3 c5 7. Nge2 Nc6 8. Qd2 Qa5 9. h4 h5 10. 0-0-0 a6 11. g4 b5 12. Kb1 cxd4 13. Nxd4 Nxd4 14. Bxd4 bxc4 15. Bxc4 Be6 16. Bxe6 fxe6 17. Rdg1 hxg4 18. h5 gxh5 19. Bxf6 Rxf6 20. fxg4 h4 21. Rxh4 Qb6 22. Qc1 Rc8 23. Rgh1 Rf2 24. e5 d5 25. g5 Rb8 26. b3 Qc7 27. Qe3 Rbf8 28. Qh3 Kf7 29. Rh7 Ke8 30. Rxg7 Qxe5 31. Rg6 R2f5 32. Rc1 d4 33. Qh5 Kd7 34. Rd1 Rf2 35. Qg4 R8f4 36. Qg3 R2f3 37. Qe1 Qf5+ 38. Kb2 Qxg6 39. Qe2 Qf5 40. Qc4 Rf2+ 41. Ka3 Qa5+ 42. Na4 e5 43. Rc1 Qb5 44. Qc8+ Kd6 45. Rc5 Qd7 46. Qxa6+ 1-0

[Event "Augsburg op"]
[Site "Augsburg"]
[Date "2013.12.27"]
[Round "2"]
[White "Zikeli, Saskia"]
[Black "Keller, Alexander"]
[Result "1-0"]
[WhiteElo "2153"]
[BlackElo "1959"]
[PlyCount "65"]
[EventDate "2013.12.27"]
[EventType "swiss"]
[EventRounds "7"]
[EventCountry "GER"]
[SourceTitle "CBM 158 Extra"]
[Source "ChessBase"]
[SourceDate "2014.02.28"]
[SourceVersion "1"]
[SourceVersionDate "2014.02.28"]
[SourceQuality "1"]

1. e4 c5 2. Nf3 Nc6 3. d4 cxd4 4. Nxd4 Nf6 5. Nc3 e5 6. Ndb5 d6 7. Bg5 a6 8. Na3 b5 9. Nd5 Be6 10. Bxf6 gxf6 11. c3 f5 12. exf5 Bxf5 13. Qf3 Be6 14. Nf6+ Ke7 15. Rd1 Rc8 16. Nc2 Nd4 17. Nxd4 exd4 18. Rxd4 Bg7 19. Nd5+ Kd7 20. Rd2 Re8 21. Be2 Rc4 22. 0-0 Rh4 23. Rfd1 Be5 24. g3 Rg8 25. Nb4 Qb6 26. Nd3 Ke7 27. Nxe5 dxe5 28. Bd3 Bg4 29. Qe4 Qf6 30. Be2 Bc8 31. Qe3 Ke8 32. Rd6 Qe7 33. Qb6 1-0

[Event "Stuttgart-chA int"]
[Site "Ditzingen"]
[Date "2013.05.09"]
[Round "1"]
[White "Zikeli, Saskia"]
[Black "Wezel, Sebastian"]
[Result "1-0"]
[WhiteElo "2109"]
[BlackElo "1848"]
[PlyCount "59"]
[EventDate "2013.05.09"]
[EventType "swiss"]
[EventRounds "7"]
[EventCountry "GER"]
[SourceTitle "EXT 2014"]
[Source "ChessBase"]
[SourceDate "2013.11.20"]
[SourceVersion "1"]
[SourceVersionDate "2013.11.20"]
[SourceQuality "1"]

1. e4 c5 2. Nf3 Nc6 3. d4 cxd4 4. Nxd4 Nf6 5. Nc3 d6 6. Bg5 e6 7. f3 a6 8. Qd2 Bd7 9. h4 Be7 10. 0-0-0 b5 11. Nxc6 Bxc6 12. Bd3 Qa5 13. Kb1 h6 14. Be3 b4 15. Ne2 Nd7 16. Nd4 Ba4 17. g4 Nc5 18. g5 h5 19. g6 f6 20. Bc4 Bd7 21. Nb3 Nxb3 22. Bxb3 Qb5 23. Bf4 e5 24. Bf7+ Kd8 25. Be3 a5 26. f4 Bg4 27. fxe5 fxe5 28. Bg5 Bxd1 29. Qxd6+ Qd7 30. Bxe7+ 1-0

[Event "Stuttgart-ch op-A"]
[Site "Ditzingen"]
[Date "2012.05.19"]
[Round "5"]
[White "Zikeli, Saskia"]
[Black "Ackermann, Hans Werner"]
[Result "0-1"]
[WhiteElo "2131"]
[BlackElo "2290"]
[PlyCount "132"]
[EventDate "2012.05.17"]
[EventType "swiss"]
[EventRounds "7"]
[EventCountry "GER"]
[SourceTitle "EXT 2015"]
[Source "ChessBase"]
[SourceDate "2014.11.20"]
[SourceVersion "1"]
[SourceVersionDate "2014.11.20"]
[SourceQuality "1"]

1. e4 c5 2. Nf3 a6 3. d3 Nc6 4. Nbd2 e6 5. g3 Be7 6. Bg2 h5 7. h4 d5 8. Qe2 Nf6 9. e5 Ng4 10. 0-0 Qc7 11. Re1 b5 12. c3 Bb7 13. Nf1 b4 14. Bf4 Qa5 15. Qd2 Nh6 16. Bg5 Bf8 17. Ne3 Qb6 18. Nh2 Ne7 19. a3 Nef5 20. Bh3 Nxe3 21. Bxe3 bxc3 22. bxc3 Qc6 23. d4 c4 24. Bxh6 Rxh6 25. Reb1 Bc8 26. Bg2 Rh8 27. Bf3 Be7 28. Bd1 g6 29. Rb2 Kf8 30. Rab1 Bxa3 31. Rb6 Qd7 32. Qa2 Be7 33. Ba4 Qd8 34. Bc6 Ra7 35. f4 Kg7 36. Nf3 Qc7 37. Qa4 a5 38. R6b2 Bd7 39. Bxd7 Qxd7 40. Qxd7 Rxd7 41. Ra2 Ra8 42. Ra4 Bd8 43. Nd2 Raa7 44. Kf2 Rdb7 45. Rxb7 Rxb7 46. Ra2 Ra7 47. Ra4 Kf8 48. Ke2 Ke8 49. Kd1 Kd7 50. Kc2 Kc6 51. Nb1 Kb5 52. Ra2 a4 53. Na3+ Kc6 54. Nb1 Be7 55. Nd2 a3 56. Nb1 Kb5 57. Nd2 Ka4 58. Ra1 Rb7 59. Ra2 Rb3 60. Nf1 Bd8 61. Ne3 Ba5 62. Nd1 Bb6 63. Ra1 Ba7 64. Ra2 Bxd4 65. cxd4 Rxg3 66. Nc3+ Kb4 0-1

[Event "Stuttgart-ch op-A"]
[Site "Ditzingen"]
[Date "2012.05.17"]
[Round "2"]
[White "Zikeli, Saskia"]
[Black "Ikonnikov, Vyacheslav"]
[Result "0-1"]
[WhiteElo "2131"]
[BlackElo "2539"]
[PlyCount "104"]
[EventDate "2012.05.17"]
[EventType "swiss"]
[EventRounds "7"]
[EventCountry "GER"]
[SourceTitle "EXT 2015"]
[Source "ChessBase"]
[SourceDate "2014.11.20"]
[SourceVersion "1"]
[SourceVersionDate "2014.11.20"]
[SourceQuality "1"]

1. c4 e5 2. Nc3 Nc6 3. g3 g6 4. Bg2 Bg7 5. e3 d6 6. Nge2 Be6 7. Nd5 Qd7 8. d3 Nd8 9. h3 c6 10. Ndc3 Ne7 11. Rb1 0-0 12. b3 f5 13. d4 e4 14. d5 Bf7 15. dxc6 Ndxc6 16. Ba3 Rfd8 17. Qc2 d5 18. Rd1 Qc7 19. cxd5 Nxd5 20. Nxd5 Qa5+ 21. Ndc3 Qxa3 22. 0-0 Nb4 23. Qb1 Rd3 24. Rxd3 exd3 25. Nd4 Bxd4 26. Nb5 Qxa2 27. Qxa2 Nxa2 28. Nxd4 Nc3 29. Bf3 d2 30. Ra1 a5 31. Bd1 b5 32. Kf1 b4 33. Bc2 Bd5 34. f3 a4 35. bxa4 Rb8 36. Nb3 d1Q+ 37. Rxd1 Nxd1 38. Bxd1 Rc8 39. Ke2 Rc3 40. Nd2 b3 41. Nxb3 Bc4+ 42. Ke1 Bxb3 43. Kd2 Bxd1 44. Kxc3 Bxa4 45. Kd4 Bd1 46. e4 Bxf3 47. exf5 gxf5 48. Ke5 Bg2 49. Kxf5 Bxh3+ 50. Kf6 Bc8 51. Kg5 Kg7 52. Kf4 Kf6 0-1

[Event "Staufer op 24th"]
[Site "Schwaebisch Gmuend"]
[Date "2012.01.04"]
[Round "6"]
[White "Gohil, Harry"]
[Black "Zikeli, Saskia"]
[Result "1-0"]
[WhiteElo "2322"]
[BlackElo "2102"]
[PlyCount "87"]
[EventDate "2012.01.02"]
[EventType "swiss"]
[EventRounds "9"]
[EventCountry "GER"]
[SourceTitle "CBM 146 Extra"]
[Source "ChessBase"]
[SourceDate "2012.02.29"]
[SourceVersion "1"]
[SourceVersionDate "2012.02.29"]
[SourceQuality "1"]

1. d4 g6 2. Nf3 Nf6 3. Nbd2 d5 4. e3 Bg7 5. c4 c6 6. Bd3 0-0 7. b3 Nbd7 8. Bb2 b6 9. 0-0 Bb7 10. Qe2 Re8 11. a3 dxc4 12. Nxc4 c5 13. Rfd1 cxd4 14. Bxd4 Bxf3 15. gxf3 e5 16. Bb2 Qe7 17. Bc2 Red8 18. Rd2 Rac8 19. Rad1 Ne8 20. b4 Nf8 21. Bb3 Rxd2 22. Qxd2 Qg5+ 23. Kf1 Qh5 24. Qd5 Ne6 25. Qb7 Rc7 26. Qb8 Re7 27. Nd6 Kf8 28. Bxe6 Rxe6 29. Nxe8 Rxe8 30. Rd8 Qh3+ 31. Ke1 Qe6 32. Rxe8+ Qxe8 33. Qxa7 Qc6 34. a4 Qc2 35. Qd7 Bf6 36. Qd6+ Kg7 37. Bxe5 Qc1+ 38. Ke2 Qc4+ 39. Kd2 Qa2+ 40. Kd3 Qb3+ 41. Ke4 Qc4+ 42. Bd4 Qc2+ 43. Kf4 Qf5+ 44. Kg3 1-0

[Event "Nuremberg LGA Cup 8th"]
[Site "Nuremberg"]
[Date "2011.09.08"]
[Round "1"]
[White "Zikeli, Saskia"]
[Black "Mihok, Oliver"]
[Result "0-1"]
[WhiteElo "2067"]
[BlackElo "2431"]
[PlyCount "40"]
[EventDate "2011.09.08"]
[EventType "swiss"]
[EventRounds "7"]
[EventCountry "GER"]
[SourceTitle "CBM 144 Extra"]
[Source "ChessBase"]
[SourceDate "2011.10.28"]
[SourceVersion "1"]
[SourceVersionDate "2011.10.28"]
[SourceQuality "1"]

1. c4 g6 2. Nc3 c5 3. g3 Bg7 4. Bg2 Nc6 5. e3 d6 6. Nge2 Bd7 7. 0-0 Qc8 8. Rb1 h5 9. d4 h4 10. f3 hxg3 11. hxg3 Bf5 12. e4 Bh3 13. dxc5 Bxg2 14. Kxg2 Qh3+ 15. Kf2 Qh2+ 16. Ke1 0-0-0 17. Be3 dxc5 18. Qa4 Bd4 19. Bd2 Qg2 20. Bc1 Bf2+ 0-1

[Event "Stuttgart-chA int"]
[Site "Gerlingen"]
[Date "2011.06.04"]
[Round "7"]
[White "Zikeli, Saskia"]
[Black "Schuh, Karsten"]
[Result "0-1"]
[WhiteElo "2093"]
[BlackElo "2249"]
[PlyCount "74"]
[EventDate "2011.06.02"]
[EventType "swiss"]
[EventRounds "7"]
[EventCountry "GER"]
[SourceTitle "EXT 2018"]
[Source "ChessBase"]
[SourceDate "2017.10.13"]
[SourceVersion "1"]
[SourceVersionDate "2017.10.13"]
[SourceQuality "1"]

1. c4 f5 2. Nc3 Nf6 3. g3 g6 4. Bg2 Bg7 5. e3 d6 6. Nge2 0-0 7. 0-0 Nc6 8. Rb1 a5 9. a3 e5 10. d3 Be6 11. b4 axb4 12. axb4 d5 13. d4 exd4 14. Nf4 Bf7 15. Ncxd5 dxe3 16. Bxe3 Ne4 17. Qc2 Re8 18. Rfd1 Qb8 19. b5 Ne5 20. b6 c6 21. Nc7 Nxc4 22. Bd4 Bxd4 23. Rxd4 Na3 24. Qb2 Nxb1 25. Rd7 Nec3 26. Rxf7 Re1+ 27. Bf1 Kxf7 28. Qb3+ Kf6 29. Qb4 Qd8 30. Nxa8 Re4 31. Qc5 Qe7 32. Qxe7+ Kxe7 33. Nd3 Nd5 34. Nc5 Rb4 35. Nxb7 Nxb6 36. Na5 Kd7 37. Bg2 Nd5 0-1

[Event "Staufer op 23rd"]
[Site "Leinzell"]
[Date "2011.01.05"]
[Round "7"]
[White "Zikeli, Saskia"]
[Black "Hoffmeister, Frank"]
[Result "0-1"]
[WhiteElo "2061"]
[BlackElo "2182"]
[PlyCount "66"]
[EventDate "2011.01.02"]
[EventType "swiss"]
[EventRounds "9"]
[EventCountry "GER"]
[SourceTitle "CBM 140 Extra"]
[Source "ChessBase"]
[SourceDate "2011.03.01"]
[SourceVersion "1"]
[SourceVersionDate "2011.03.01"]
[SourceQuality "1"]

1. e4 e6 2. d4 d5 3. Nd2 Nf6 4. e5 Nfd7 5. Bd3 c5 6. c3 Nc6 7. Ne2 cxd4 8. cxd4 f6 9. exf6 Nxf6 10. Nf3 Bd6 11. 0-0 Qc7 12. Bg5 0-0 13. Nc3 a6 14. Re1 Ng4 15. h3 Bh2+ 16. Kf1 Nxf2 17. Kxf2 Qg3+ 18. Ke3 Qxg2 19. h4 e5 20. Be2 exd4+ 21. Nxd4 Qf2+ 22. Kd2 Qxd4+ 23. Kc1 Bf4+ 24. Bxf4 Qxf4+ 25. Qd2 Qxd2+ 26. Kxd2 Bh3 27. Rad1 Bg2 28. Kc1 d4 29. Bc4+ Kh8 30. Ne4 Bf3 31. Rd2 Rfe8 32. Bd3 Nb4 33. Bb1 Rac8+ 0-1

[Event "GER-chT U20 Girls"]
[Site "Magdeburg"]
[Date "2010.12.29"]
[Round "5.1"]
[White "Bluebaum, Johanna"]
[Black "Zikeli, Saskia"]
[Result "0-1"]
[WhiteElo "1983"]
[BlackElo "2020"]
[PlyCount "42"]
[EventDate "2010.12.27"]
[EventType "team-swiss"]
[EventRounds "7"]
[EventCountry "GER"]
[SourceTitle "CBM 140 Extra"]
[Source "ChessBase"]
[SourceDate "2011.03.01"]
[SourceVersion "1"]
[SourceVersionDate "2011.03.01"]
[SourceQuality "1"]
[WhiteTeam "Wesel"]
[BlackTeam "Ingersheim"]
[WhiteTeamCountry "GER"]
[BlackTeamCountry "GER"]

1. d4 Nf6 2. c4 g6 3. Nc3 Bg7 4. e4 d6 5. Nf3 0-0 6. Be2 e5 7. Be3 Ng4 8. Bg5 f6 9. Bc1 Nc6 10. h3 exd4 11. Nxd4 Nge5 12. 0-0 f5 13. Nxc6 bxc6 14. c5 fxe4 15. cxd6 cxd6 16. Nxe4 d5 17. Nc5 Qh4 18. f4 Nf7 19. Qa4 Qe7 20. Qxc6 Bd4+ 21. Rf2 Qxe2 0-1

[Event "GER-chT U20 Girls"]
[Site "Magdeburg"]
[Date "2010.12.27"]
[Round "1.1"]
[White "Bachem, Sabrina"]
[Black "Zikeli, Saskia"]
[Result "0-1"]
[WhiteElo "1497"]
[BlackElo "2020"]
[PlyCount "60"]
[EventDate "2010.12.27"]
[EventType "team-swiss"]
[EventRounds "7"]
[EventCountry "GER"]
[SourceTitle "CBM 140 Extra"]
[Source "ChessBase"]
[SourceDate "2011.03.01"]
[SourceVersion "1"]
[SourceVersionDate "2011.03.01"]
[SourceQuality "1"]
[WhiteTeam "Fritzdorf"]
[BlackTeam "Ingersheim"]
[WhiteTeamCountry "GER"]
[BlackTeamCountry "GER"]

1. e4 c5 2. Nc3 d6 3. g3 Nc6 4. Bg2 g6 5. d3 Bg7 6. Nge2 e6 7. 0-0 Nge7 8. Be3 0-0 9. f4 b6 10. Qd2 d5 11. exd5 exd5 12. Bf2 d4 13. Ne4 h6 14. Qd1 Re8 15. c3 Bg4 16. h3 Bxe2 17. Qxe2 f5 18. Nd2 dxc3 19. bxc3 Qd7 20. Nc4 Rad8 21. Rad1 Bxc3 22. Qc2 Nd4 23. Bxd4 Bxd4+ 24. Kh1 Nd5 25. Rde1 Kg7 26. Bxd5 Qxd5+ 27. Qg2 Qxg2+ 28. Kxg2 b5 29. Nd2 Rxe1 30. Rxe1 Bc3 0-1

[Event "GER-chT Universities"]
[Site "Augsburg"]
[Date "2010.10.07"]
[Round "2.2"]
[White "Rudolf, Sebastian"]
[Black "Zikeli, Saskia"]
[Result "1-0"]
[WhiteElo "2241"]
[BlackElo "2020"]
[PlyCount "31"]
[EventDate "2010.10.06"]
[EventType "team-swiss"]
[EventRounds "6"]
[EventCountry "GER"]
[SourceTitle "EXT 2016"]
[Source "ChessBase"]
[SourceDate "2015.10.08"]
[SourceVersion "1"]
[SourceVersionDate "2015.10.08"]
[SourceQuality "1"]
[WhiteTeam "Dresden TU II"]
[BlackTeam "Augsburg Uni III"]
[WhiteTeamCountry "GER"]
[BlackTeamCountry "GER"]

1. e4 c5 2. Nf3 d6 3. d4 cxd4 4. Nxd4 Nf6 5. f3 e5 6. Nb3 d5 7. Bg5 Be6 8. Bxf6 gxf6 9. exd5 Qxd5 10. Qxd5 Bxd5 11. Nc3 Bxb3 12. axb3 Bb4 13. 0-0-0 Bxc3 14. bxc3 Nd7 15. Bb5 Rd8 16. Rxd7 1-0

[Event "Nuremberg Zabo op 12th"]
[Site "Nuremberg"]
[Date "2010.09.18"]
[Round "3"]
[White "Koerber, Thomas"]
[Black "Zikeli, Saskia"]
[Result "0-1"]
[WhiteElo "1837"]
[BlackElo "2020"]
[PlyCount "36"]
[EventDate "2010.09.17"]
[EventType "swiss"]
[EventRounds "5"]
[EventCountry "GER"]
[SourceTitle "EXT 2011"]
[Source "ChessBase"]
[SourceDate "2010.11.26"]
[SourceVersion "1"]
[SourceVersionDate "2010.11.26"]
[SourceQuality "1"]

1. d4 Nf6 2. Nf3 g6 3. c4 Bg7 4. g3 0-0 5. Bg2 d6 6. 0-0 Nc6 7. d5 Na5 8. Nfd2 Nd7 9. Qc2 c5 10. Nc3 Ne5 11. b3 a6 12. Bb2 Rb8 13. h3 g5 14. e3 g4 15. h4 b5 16. Ne2 bxc4 17. Nxc4 Naxc4 18. bxc4 Rxb2 0-1

[Event "Nuremberg LGA Cup 7th"]
[Site "Nuremberg"]
[Date "2010.09.04"]
[Round "5"]
[White "Zikeli, Saskia"]
[Black "Mons, Leon"]
[Result "0-1"]
[WhiteElo "2050"]
[BlackElo "2178"]
[PlyCount "138"]
[EventDate "2010.09.02"]
[EventType "swiss"]
[EventRounds "7"]
[EventCountry "GER"]
[SourceTitle "CBM 138 Extra"]
[Source "ChessBase"]
[SourceDate "2010.10.29"]
[SourceVersion "1"]
[SourceVersionDate "2010.10.29"]
[SourceQuality "1"]

1. c4 Nf6 2. Nc3 g6 3. g3 Bg7 4. Bg2 0-0 5. d3 d6 6. e3 e5 7. Nge2 c6 8. 0-0 Be6 9. Rb1 Nbd7 10. b4 d5 11. cxd5 cxd5 12. d4 Bf5 13. Rb3 e4 14. Nf4 Nb6 15. b5 Re8 16. a4 Nc4 17. Ba3 h5 18. Bb4 Bh6 19. Re1 h4 20. Bf1 Rc8 21. Qc1 hxg3 22. fxg3 Bxf4 23. exf4 Qb6 24. Qd1 Qe6 25. Nb1 Bg4 26. Be2 Bxe2 27. Qxe2 Rc7 28. Rc3 Rec8 29. Rec1 Qd7 30. Qc2 Ne8 31. Qe2 Ng7 32. Nd2 Nxd2 33. Qxd2 Rxc3 34. Rxc3 Nf5 35. Rxc8+ Qxc8 36. Qc3 Qxc3 37. Bxc3 Ne3 38. Bb4 Nc4 39. Bc5 a6 40. Kf2 Nb2 41. bxa6 bxa6 42. a5 Kg7 43. g4 Nc4 44. Bb4 Nb2 45. Bc5 Nd1+ 46. Ke2 Nc3+ 47. Ke3 Nb5 48. Ke2 Nc7 49. Ke3 Ne6 50. h4 Kh6 51. Be7 f5 52. Bg5+ Kh7 53. gxf5 gxf5 54. Bf6 Kg6 55. Be7 Kh5 56. Bf6 Kg4 57. Bg5 Nf8 58. Kf2 Ng6 59. h5 Kxh5 60. Kg3 Nf8 61. Be7 Ne6 62. Bc5 Nd8 63. Bb4 Nc6 64. Bc3 Na7 65. Ba1 Nb5 66. Bb2 Nd6 67. Ba3 Nc4 68. Bb4 e3 69. Be1 Nd2 0-1

[Event "Nuremberg LGA Cup 7th"]
[Site "Nuremberg"]
[Date "2010.09.03"]
[Round "2"]
[White "Millikan, Erlend"]
[Black "Zikeli, Saskia"]
[Result "0-1"]
[WhiteElo "1754"]
[BlackElo "2050"]
[PlyCount "60"]
[EventDate "2010.09.02"]
[EventType "swiss"]
[EventRounds "7"]
[EventCountry "GER"]
[SourceTitle "CBM 138 Extra"]
[Source "ChessBase"]
[SourceDate "2010.10.29"]
[SourceVersion "1"]
[SourceVersionDate "2010.10.29"]
[SourceQuality "1"]

1. d4 Nf6 2. Nf3 g6 3. Bg5 Ne4 4. Bh4 Bg7 5. Nbd2 d5 6. e3 Bf5 7. c4 c6 8. Qb3 Qd7 9. Rc1 0-0 10. Nxe4 dxe4 11. Nd2 Na6 12. f3 e5 13. fxe4 exd4 14. exf5 Nc5 15. Qa3 Rfe8 16. Qxc5 Bf8 17. Qa5 b6 18. Qa4 dxe3 19. Nf3 e2 20. Qc2 Bb4+ 21. Kf2 e1Q+ 22. Nxe1 Qd4+ 23. Kg3 Bxe1+ 24. Rxe1 Rxe1 25. Kh3 Qe3+ 26. Bg3 Qh6+ 27. Bh4 g5 28. Qf2 Re3+ 29. Kg4 Re4+ 30. Kf3 Rf4+ 0-1

[Event "Nuremberg LGA Cup 7th"]
[Site "Nuremberg"]
[Date "2010.09.03"]
[Round "3"]
[White "Zikeli, Saskia"]
[Black "Promyshlyanskiy, Vitaliy"]
[Result "0-1"]
[WhiteElo "2050"]
[BlackElo "2237"]
[PlyCount "100"]
[EventDate "2010.09.02"]
[EventType "swiss"]
[EventRounds "7"]
[EventCountry "GER"]
[SourceTitle "CBM 138 Extra"]
[Source "ChessBase"]
[SourceDate "2010.10.29"]
[SourceVersion "1"]
[SourceVersionDate "2010.10.29"]
[SourceQuality "1"]

1. c4 Nf6 2. Nc3 g6 3. g3 Bg7 4. Bg2 d6 5. d3 e5 6. e3 0-0 7. Nge2 c6 8. 0-0 Be6 9. Rb1 d5 10. cxd5 Nxd5 11. d4 Nxc3 12. bxc3 Qe7 13. Qa4 Qc7 14. c4 Rd8 15. Rd1 Nd7 16. d5 Nc5 17. Qc2 Bf5 18. e4 Bg4 19. Bg5 f6 20. Be3 Bf8 21. h3 Bd7 22. Qb2 Rab8 23. f4 Na4 24. Qd2 c5 25. Rf1 Qd6 26. g4 Be7 27. Nc3 Nxc3 28. Qxc3 a6 29. g5 Rf8 30. Rf2 b5 31. cxb5 Rfc8 32. b6 Bb5 33. Qa5 fxg5 34. fxe5 Qxe5 35. a4 Bd3 36. Rd1 c4 37. Qxa6 Bd6 38. Rxd3 cxd3 39. Qxd3 Rc3 40. Qd4 Qh2+ 41. Kf1 Be5 42. Qd2 Ra3 43. d6 Qg3 44. d7 Rd8 45. Qd5+ Kg7 46. Rf7+ Kh6 47. Bd4 Qd3+ 48. Kg1 Bxd4+ 49. Kh1 Ra1+ 50. Kh2 Bg1+ 0-1